000 00441nam a2200193Ia 4500
003 OSt
005 20220928152149.0
006 a|||||r|||| 00| 0
007 ta
008 220927b |||||||| |||| 00| 0 eng d
024 _a146754
037 _cBound Volume
040 _aSDCL
_cSDCL
_beng
041 _2eng
_aeng
245 0 _aPasific Basin Finance Journal
260 _c0000
942 _cREF
_2CC
999 _c854257
_d854257